00602nam a2200181Ia 450000500170000000800410001704000190005804100120007708200160008910000170010524501320012226000420025430000120029650400500030865000290035870000230038785000100041020230113104632.0131103s9999 xx 000 0 und d aLoreto College aEnglish a814.52bAIK aAiken,Conrad aCollected criticismb formerly a reviewer's ABC cConrad Aiken; introduced by Rufus A.Blanshard; with a preface by I.A.Richards aLondonbOxford University Pressc1968 a414 p.  aIncludes bibliographical references and index aAmerican Essay - History aBlanshard,Rufus A. aLCLIB